| 000 | 00717nam a22002177a 4500 | ||
|---|---|---|---|
| 999 |
_c45409 _d45409 |
||
| 005 | 20190218101132.0 | ||
| 008 | 190218b ||||| |||| 00| 0 eng d | ||
| 020 | _a9786218064447 | ||
| 100 | 1 | _aSarmiento, Roman R., Jr., II. | |
| 245 | 1 | 4 |
_aAng Kalamidad noong panahon ng Japon sa Filipinas 1942-1945 / _cRoman R. Sarmiento Jr., II. |
| 260 |
_aManila : _bKomisyon ng Wikang Filipino, _c2017. |
||
| 300 |
_a97 p. _billustrations. |
||
| 336 | _atext | ||
| 337 | _aunmediated | ||
| 338 | _avolume | ||
| 504 | _aBibliography: p.86. | ||
| 650 |
_2Disasters. _xHistory. _y1942-1945. _zPhilippines. |
||
| 650 |
_2Emergency Management. _zPhilippines. |
||
| 651 |
_aPhilippines. _xHistory. _y1942-1945. |
||
| 942 |
_2lcc _cBK |
||